Lo mejor del Festival Hip Hop Hurra III Festival de rap de Bogotá (Registro nro. 29982)

Detalles MARC
000 -ENCABEZADO
Número de control [NR] 01255nam a2200205Ia 4500
008 - DE LONGITUD FIJA DE DATOS DE ELEMENTOS - INFORMACIÓN GENERAL
Elementos de longitud fija [NR] 130821s1999 ck gs spa
040 ## - FUENTE DE CATALOGACION [NR]
Agencia de catalogación original [NR] Co-BoUCM
Idioma de catalogación [NR] spa
041 00 - CODIGO DE IDIOMA [R]
Código de idioma para texto/pista de sonido o título separado [R] Español
092 ## - SIGNATURA TOPOGRAFICA LOCAL
Número de clasificación local CD 0061
111 ## - ASIENTO PRINCIPAL--NOMBRE DE REUNION [NR]
Nombre de reunión o de jurisdicción como elemento de entrada [NR] Festival de Rap de Bogotá
Número de la parte/sección de una obra [R] (3
Fecha de la reunión [NR] 1999
Lugar de la reunión [NR] Bogotá)
245 00 - MENCION DE TITULO [NR]
Título [NR] Lo mejor del Festival Hip Hop Hurra III Festival de rap de Bogotá
Mención de responsabilidad, etc. [NR] Sin MR
260 ## - PUBLICACION, DISTRIBUCION, ETC. (PIE DE IMPRENTA) [R]
Lugar de publicación, distribución, etc. [R] Bogotá (Colombia)
Nombre del editor, distribuidor, etc. [R] Alcaldía Mayor de Santafé de Bogotá
Fecha de publicación, distribución, etc. [R] 1999
300 ## - DESCRIPCION FISICA [R]
Extensión [R] 1 CD-ROM
505 ## - NOTA DE CONTENIDO CON FORMATO PREESTABLECIDO [R]
Nota de contenido con formato preestablecido [NR] Malasia
-- Tiro de Gracia. -- Remix U.D.E.N.
-- Golpes. -- Esfinges
-- esfinges. -- Reflejos
-- Esfinges. -- Farsantes
-- Dinastia. -- Stylo callejero
-- Dinastia. -- Gheto poderoso
-- Ritmo, Acción y Poder. -- Petardos rap
-- Eufonia Hip Hop. -- Entro al baile
-- Eufonia Hip Hop. -- Buscando el tiempo
-- La Trampa. -- Babilonia te llegó el Armagedón
-- Black Pantha. -- Ojo al ojo que la muerte ronda
-- Poder Clandestino. -- Pobreza
-- Poder Clandestino. --- Que a lo bien va
-- Nitromazedonhia. -- Raza guerrera
-- Nitromazedonhia. .. Indigente
-- Ares del Asfalto.
650 04 - ASIENTO SECUNDARIO DE MATERIA - TERMINO TEMATICO [R]
Término temático o nombre geográfico como elemento de entrada [NR] Arte
9 (RLIN) 9444
650 04 - ASIENTO SECUNDARIO DE MATERIA - TERMINO TEMATICO [R]
Término temático o nombre geográfico como elemento de entrada [NR] Festivales musicales
Subdivisión de forma [R] CD-ROM
9 (RLIN) 15660
650 04 - ASIENTO SECUNDARIO DE MATERIA - TERMINO TEMATICO [R]
Término temático o nombre geográfico como elemento de entrada [NR] Música rap
Subdivisión de forma [R] CD-ROM
9 (RLIN) 20015
710 ## - ASIENTO SECUNDARIO - NOMBRE CORPORATIVO [R]
Nombre corporativo o de jurisdicción como elemento de entrada [NR] Bogotá.
-- alcaldía Mayor.
-- instituto Distrital de Cultura y Turismo. IDCT
942 ## - ELEMENTOS DE ENTRADA AGREGADOS (KOHA)
Tipo de ítem principal el descrito en 300a Multimedia
Sistema de clasificación LOCAL
Tema principal Arte
Edición 1
Existencias
Fecha de último préstamo Total préstamos Código de barras Última vez visto Volúmen / Fascículo Ejemplar Price effective from Tipo de ítem Perdido Sistema de clasificación Dañado No prestable Tipo de ítem específico Suprimido Ubicación habitual Ubicación actual Localización Fecha de creación Forma de adquisición Costo
11/05/2019 2 100069066 10/12/2024 CD 0061 Ej.1 03/02/2013 Multimedia   DEWEY     CD-Rom   Claustro Claustro Colección digital 28/02/2003 Donación 0.00